ورشة عمل . دور القطاع الخاص في التنمية الاقتصادية والاجتماعية في الوطن العربي،القاهرة 7-8 ديسمبر2003) / (Record no. 14876)

MARC details
000 -LEADER
fixed length control field 01249nam a22002177a 4500
008 - FIXED-LENGTH DATA ELEMENTS--GENERAL INFORMATION
fixed length control field 101212t xxu||||| |||| 00| 0 eng d
020 ## - INTERNATIONAL STANDARD BOOK NUMBER
International Standard Book Number 977502305X
082 ## - DEWEY DECIMAL CLASSIFICATION NUMBER
Classification number 338.72953
Item number ق ط ا
245 ## - TITLE STATEMENT
Title ورشة عمل . دور القطاع الخاص في التنمية الاقتصادية والاجتماعية في الوطن العربي،القاهرة 7-8 ديسمبر2003) /
Statement of responsibility, etc تحرير علي عبد العزيز سليمان، محمود عبد الحي صلاح
260 ## - PUBLICATION, DISTRIBUTION, ETC. (IMPRINT)
Place of publication, distribution, etc القاهرة :
Name of publisher, distributor, etc معهد التخطيط القومي، 2004
Date of publication, distribution, etc 2004
300 ## - PHYSICAL DESCRIPTION
Extent 378 ص :
Other physical details أيض ،
Dimensions 18 سم
500 ## - GENERAL NOTE
General note بعض النصوص متاحة باللغة الانجليزية
504 ## - BIBLIOGRAPHY, ETC. NOTE
Bibliography, etc ببليوجرافية ص 378
650 ## - SUBJECT ADDED ENTRY--TOPICAL TERM
9 (RLIN) 21481
Topical term or geographic name as entry element القطاع الخاص
651 ## - SUBJECT ADDED ENTRY--GEOGRAPHIC NAME
9 (RLIN) 21482
Geographic name العالم العربي
General subdivision التنمية الاقتصادية
651 ## - SUBJECT ADDED ENTRY--GEOGRAPHIC NAME
9 (RLIN) 21483
Geographic name العالم العربي
General subdivision التنمية الاجتماعية
700 ## - ADDED ENTRY--PERSONAL NAME
9 (RLIN) 21478
Personal name سليمان ، علي عبد العزيز
700 ## - ADDED ENTRY--PERSONAL NAME
9 (RLIN) 21484
Personal name صلاح، محمود عبد الحي
942 ## - ADDED ENTRY ELEMENTS (KOHA)
Source of classification or shelving scheme Dewey Decimal Classification
Item type Book - Borrowing
Holdings
Withdrawn status Item status Source of classification or shelving scheme Damaged status Not for loan Vendor Home library Current library Shelving location Date acquired Source of acquisition Total Checkouts Full call number Barcode Date last seen Koha item type
    Dewey Decimal Classification       Central Library Central Library First floor 12/12/2010 Donation   338.72953 ق ط ا 000022699 15/07/2025 Book - Borrowing